Shallow foundations for highway structures / (Record no. 547491)
[ view plain ]
| 000 -LEADER | |
|---|---|
| fixed length control field | 01162nam a2200265 a 4500 |
| 020 ## - INTERNATIONAL STANDARD BOOK NUMBER | |
| International Standard Book Number | 0309035686 (pbk.) : |
| 082 00 - DEWEY DECIMAL CLASSIFICATION NUMBER | |
| Classification number | 625.733 |
| Author Mark | WAH |
| 100 1# - MAIN ENTRY--PERSONAL NAME | |
| Personal name | Wahls, Harvey E. |
| 9 (RLIN) | 21592 |
| 245 10 - TITLE STATEMENT | |
| Title | Shallow foundations for highway structures / |
| Statement of responsibility, etc. | Harvey E. Wahls ; research sponsored by the American Association of State Highway and Transportation Officials in cooperation with the Federal Highway Administration. |
| 260 ## - PUBLICATION, DISTRIBUTION, ETC. | |
| Place of publication, distribution, etc. | Washington, D.C. : |
| Name of publisher, distributor, etc. | Transportation Research Board, National Research Council, |
| Date of publication, distribution, etc. | [1983] |
| 300 ## - PHYSICAL DESCRIPTION | |
| Extent | 38 p. : |
| Other physical details | ill. ; |
| Dimensions | 28 cm. |
| 490 1# - SERIES STATEMENT | |
| Series statement | Synthesis of highway practice / National Cooperative Highway Research Program, |
| 500 ## - GENERAL NOTE | |
| General note | "December 1983." |
| 526 ## - STUDY PROGRAM INFORMATION NOTE | |
| Program name | 0 |
| Interest level | 0 |
| Reading level | 0 |
| Title point value | 625_733000000000000_WAH |
| 650 #0 - SUBJECT ADDED ENTRY--TOPICAL TERM | |
| Topical term or geographic name entry element | Bridges |
| General subdivision | Foundations and piers. |
| 9 (RLIN) | 21593 |
| 650 #0 - SUBJECT ADDED ENTRY--TOPICAL TERM | |
| Topical term or geographic name entry element | Culverts. |
| 9 (RLIN) | 3093 |
| 650 #0 - SUBJECT ADDED ENTRY--TOPICAL TERM | |
| Topical term or geographic name entry element | MCE |
| 9 (RLIN) | 379 |
| 650 #0 - SUBJECT ADDED ENTRY--TOPICAL TERM | |
| Topical term or geographic name entry element | Retaining walls. |
| 9 (RLIN) | 21594 |
| 650 #0 - SUBJECT ADDED ENTRY--TOPICAL TERM | |
| Topical term or geographic name entry element | Roads |
| General subdivision | Foundations. |
| 9 (RLIN) | 21154 |
| 650 #0 - SUBJECT ADDED ENTRY--TOPICAL TERM | |
| Topical term or geographic name entry element | Roads |
| General subdivision | Safety measures. |
| 9 (RLIN) | 20708 |
| 710 1# - ADDED ENTRY--CORPORATE NAME | |
| Corporate name or jurisdiction name as entry element | United States. |
| 9 (RLIN) | 21185 |
| 710 2# - ADDED ENTRY--CORPORATE NAME | |
| Corporate name or jurisdiction name as entry element | American Association of State Highway and Transportation Officials. |
| 9 (RLIN) | 19553 |
| 710 2# - ADDED ENTRY--CORPORATE NAME | |
| Corporate name or jurisdiction name as entry element | National Research Council (U.S.). |
| 9 (RLIN) | 20017 |
| 942 ## - ADDED ENTRY ELEMENTS (KOHA) | |
| Source of classification or shelving scheme | |
| Koha item type | Book |
| Withdrawn status | Lost status | Source of classification or shelving scheme | Damaged status | Not for loan | Permanent Location | Current Location | Date acquired | Total Checkouts | Full call number | Barcode | Date last seen | Price effective from | Koha item type |
|---|---|---|---|---|---|---|---|---|---|---|---|---|---|
| Military College of Engineering (MCE) | Military College of Engineering (MCE) | 07/18/2014 | 625.733 WAH | MCE-43377 | 07/18/2014 | 07/18/2014 | Book |
